Συστήματα συνεργατικής συγγραφής, εκπαιδευτικές εφαρμογές : η περίπτωση της Wikipedia : διπλωματική εργασία [μεταπτυχιακή εργασία]

Αποθηκεύτηκε σε:
Λεπτομέρειες βιβλιογραφικής εγγραφής
Κύριος συγγραφέας: Ζουμπατιανού, Μαρία Μ.
Συγγραφή απο Οργανισμό/Αρχή: Πανεπιστήμιο Αιγαίου Σχολή Ανθρωπιστικών Επιστημών Τμήμα Επιστημών της Προσχολικής Αγωγής και του Εκπαιδευτικού Σχεδιασμού Μεταπτυχιακό Πρόγραμμα Σπουδών Παιδικό Βιβλίο και Παιδαγωγικό Υλικό
Άλλοι συγγραφείς: Φεσάκης, Γεώργιος (Εισηγητής διατριβής)
Μορφή: Thesis Βιβλίο
Γλώσσα:Greek
Δημοσίευση: 2012
Θέματα:
Διαθέσιμο Online:http://hdl.handle.net/11610/13746
Ετικέτες: Προσθήκη ετικέτας
Δεν υπάρχουν, Καταχωρήστε ετικέτα πρώτοι!

MARC

LEADER 00000cam a2200000 i 4500
001 1/23809
008 121031s2012 gre d
035 |l 10113313 
040 |a GR-MY-UA  |b gre  |e aacr 
041 0 |a gre 
082 0 |a 006.76  |2 (22) 
100 1 |a Ζουμπατιανού, Μαρία Μ. 
245 1 0 |a Συστήματα συνεργατικής συγγραφής, εκπαιδευτικές εφαρμογές :  |b η περίπτωση της Wikipedia : διπλωματική εργασία [μεταπτυχιακή εργασία] /  |c Μαρία Μ. Ζουμπατιανού ; επιβλέπων: Φεσάκης Γεώργιος 
260 |c 2012 
300 |a 96 σ.;  |b πιν.;  |c 30 εκ. 
500 |a Μέλη εξεταστικής επιτροπής: Καφούση Σουλτάνα, Σκουμπουρδή Χρυσάνθη 
502 |a Διατριβή (μεταπτυχιακή) – Πανεπιστήμιο Αιγαίου, Ρόδος, 2012. 
504 |a Βιβλιογραφία: σ. 89-95 
650 0 0 |a Web sites  |x Authoring programs. 
650 0 0 |a Wikis (Computer science) 
650 0 0 |a World Wide Web. 
650 0 0 |a Dissertations, Academic  |z Greece. 
700 1 |a Φεσάκης, Γεώργιος.  |4 ths 
710 1 |a Πανεπιστήμιο Αιγαίου   |b Σχολή Ανθρωπιστικών Επιστημών   |b Τμήμα Επιστημών της Προσχολικής Αγωγής και του Εκπαιδευτικού Σχεδιασμού   |b Μεταπτυχιακό Πρόγραμμα Σπουδών Παιδικό Βιβλίο και Παιδαγωγικό Υλικό. 
852 |a INST  |b RHODES  |c DIATR  |e 20121031  |h 006.76 ΖΟΥ  |p 005400034693  |q 005400034693  |t MTXE  |y 23 
852 |a INST  |b RHODES  |c DIATR  |e 20121031  |h 006.76 ΖΟΥ  |p 005400034694  |q 005400034694  |t MTXE  |y 23 
856 |u http://hdl.handle.net/11610/13746 
901 |a BIBL4-2012-3 
909 |a Ρ  |b 176258 
909 |a Ρ  |b 176259 
924 |a ΖΟΥΜΠΑΤΙΑΝΟΥ  |b ΜΑΡΙΑ Μ.  |y ΡΟΔΟΣ  |z 2012 
970 |z 2012/10/31